Smrtiace rozhodnutie
Salvato in:
| Autore principale: | |
|---|---|
| Altri autori: | |
| Natura: | Libro |
| Lingua: | slovacco |
| Pubblicazione: |
Bratislava
Slovart
2015
|
| Edizione: | 1. vyd. |
| Soggetti: | |
| Tags: |
Nessun Tag, puoi essere il primo ad aggiungerne!!
|
MARC
| LEADER | 00000nam a2200000 4500 | ||
|---|---|---|---|
| 001 | 0205242 | ||
| 005 | 20240502073424.5 | ||
| 020 | |a 978-80-556-0979-9 | ||
| 041 | 0 | |a slo | |
| 044 | |a SK | ||
| 245 | 1 | 0 | |a Smrtiace rozhodnutie |c Kathy Reichs ; z angličtiny preložila Helena Šajgalíková |
| 250 | |a 1. vyd. | ||
| 264 | 1 | |a Bratislava |b Slovart |c 2015 | |
| 300 | |a 318 s. [14 AH] | ||
| 610 | 2 | 0 | |a literatúra |
| 610 | 2 | 0 | |a preklady |
| 610 | 2 | 0 | |a Kanada |
| 100 | 1 | |a Reichsová, Kathy | |
| 700 | 1 | |a Šajgalíková, Helena | |